000 00999cam a22003017a 4500
001 3139
005 20250828151129.0
020 _a9780545177658
040 _aBTCTA
_beng
_cBTCTA
_dBKX
_dDLC
050 0 0 _aPZ7.B911137
_b 2010
082 0 0 _a303
100 _aSteele, Michael Anthony
245 0 0 _aBuild this city!.
_cby Steele, Michael Anthony
250 _aFirst printing , July 2010
260 _aNew York :
_bScholastic,
_c2010
300 _a24 pages :
_bcolor illustrations ;
_c21 cm.
490 0 _aLego city
505 _aO
520 _aA new building is constructed in Lego City, and all different vehicles are used help build it, including an excavator, a bulldozer, and a crane.
521 _a600
_bLexile
521 _aO
_bRaz-Plus
650 0 _aBuilding
_vJuvenile fiction.
650 0 _aLEGO toys
_vJuvenile fiction.
650 1 _aBuilding
_vFiction.
650 1 _aLEGO toys
_vFiction.
906 _a7
_bcbc
_ccopycat
_d2
_encip
_f20
_gy-gencatlg
942 _2ddc
_cBK
_n0
999 _c3139
_d3139